000 00516nmm a2200169Ia 4500
008 251105s9999||||xx |||||||||||||||||und||
020 _a9789587715163
041 _aspa
100 _aFlórez Uribe, Juan Antonio
245 0 _aProyectos de inversión para las PYME (4a ed.)
264 _a[Bogotá, Colombia] :
_bEcoe Ediciones,
_c2017
300 _a239 páginas
490 _aCiencias empresariales
650 _aEconomics and Business
856 _uhttps://public.digitaliapublishing.com/a/66630
942 _cCF
999 _c96240
_d96240